NHL 1st Overall Picks 2000-Present - Statistics

General Stats
  • This quiz has been taken 249 times
    248 since last reset
  • The average score is 15 of 17
Answer Stats
Year Team 1st Pick % Correct
2016 Toronto Maple Leafs Auston Matthews
100%
2015 Edmonton Oilers Connor McDavid
99%
2004 Washington Capitals Alexander Ovechkin
92%
2013 Colorado Avalanche Nathan MacKinnon
92%
2007 Chicago Blackhawks Patrick Kane
92%
2005 Pittsburgh Penguins Sidney Crosby
92%
2014 Florida Panthers Aaron Ekblad
90%
2008 Tampa Bay Lightning Steven Stamkos
90%
2009 New York Islanders John Tavares
88%
2012 Edmonton Oilers Nail Yakupov
85%
2010 Edmonton Oilers Taylor Hall
85%
2011 Edmonton Oilers Ryan Nugent-Hopkins
84%
2003 Pittsburgh Penguins Marc-André Fleury
82%
2002 Columbus Blue Jackets Rick Nash
79%
2001 Atlanta Thrashers Ilya Kovalchuk
76%
2006 St. Louis Blues Erik Johnson
65%
2000 New York Islanders Rick DePietro
65%
No matching quizzes found
Score Distribution
Percent of People with Each Score
Percentile by Number Answered
Your Score History
You have not taken this quiz since the last reset